Statistics for Top 35 Countries in Men's 3000 Meters Steeplechase

Click here to take the quiz!

General Stats

  • This quiz has been taken 14 times
  • The average score is 30 of 35

Answer Stats

NRContinentAnswer% Correct
7:53.64AfricaKenya
100%
8:16.22OceaniaAustralia
93%
8:10.46AsiaChina
93%
7:52.11AfricaEthiopia
93%
8:10.67EuropeFinland
93%
8:00.09EuropeFrance
93%
8:09.48EuropeGermany
93%
8:08.57EuropeItaly
93%
8:09.91AsiaJapan
93%
7:55.28AfricaMorocco
93%
8:13.26OceaniaNew Zealand
93%
8:15.54EuropeRussia
93%
8:05.69EuropeSpain
93%
8:05.75EuropeSweden
93%
8:12.48AfricaTanzania
93%
8:07.96EuropeUnited Kingdom
93%
8:00.45North AmericaUnited States
93%
8:10.23AfricaAlgeria
86%
8:10.83EuropeAustria
86%
8:10.01EuropeBelgium
86%
8:14.41South AmericaBrazil
86%
8:11.64North AmericaCanada
86%
8:04.95EuropeNetherlands
86%
8:12.05EuropeNorway
86%
8:09.11EuropePoland
86%
7:53.63AsiaQatar
86%
8:11.50AfricaSouth Africa
86%
8:03.81AfricaUganda
86%
8:08.14AsiaSaudi Arabia
79%
8:06.13AsiaBahrain
71%
8:11.22AfricaEritrea
71%
8:13.26EuropeRomania
71%
8:12.19AfricaTunisia
71%
8:11.20AsiaIndia
64%
8:16.96EuropeSlovenia
64%

Score Distribution

Percentile by Number Answered

Percent of People with Each Score

Your Score History

You have not taken this quiz